<?xml version="1.0" encoding="UTF-8"?>
<record
    xmlns:xsi="http://www.w3.org/2001/XMLSchema-instance"
    xsi:schemaLocation="http://www.loc.gov/MARC21/slim http://www.loc.gov/standards/marcxml/schema/MARC21slim.xsd"
    xmlns="http://www.loc.gov/MARC21/slim">

  <leader>01880nam a22003255a 4500</leader>
  <controlfield tag="001">015370371</controlfield>
  <controlfield tag="003">OSt</controlfield>
  <controlfield tag="005">20160223111918.0</controlfield>
  <controlfield tag="006">a||||fq||u i00| 0 </controlfield>
  <controlfield tag="008">090915s2012    enka   frb   i001 0 eng d</controlfield>
  <datafield tag="020" ind1=" " ind2=" ">
    <subfield code="a">9780113229239 (set)</subfield>
  </datafield>
  <datafield tag="040" ind1=" " ind2=" ">
    <subfield code="a">EG-ScBUE</subfield>
    <subfield code="b">eng</subfield>
    <subfield code="c">EG-ScBUE</subfield>
    <subfield code="d">EG-ScBUE</subfield>
  </datafield>
  <datafield tag="043" ind1=" " ind2=" ">
    <subfield code="a">e-uk---</subfield>
  </datafield>
  <datafield tag="082" ind1="0" ind2="4">
    <subfield code="a">615.1141</subfield>
    <subfield code="b">BRI</subfield>
    <subfield code="2">22</subfield>
  </datafield>
  <datafield tag="245" ind1="0" ind2="0">
    <subfield code="a">British pharmacopoeia 2013 :</subfield>
    <subfield code="b">effective date : 1 January 2013.</subfield>
  </datafield>
  <datafield tag="246" ind1="3" ind2="0">
    <subfield code="a">British pharmacopoeia</subfield>
  </datafield>
  <datafield tag="250" ind1=" " ind2=" ">
    <subfield code="a">1st ed.</subfield>
  </datafield>
  <datafield tag="260" ind1=" " ind2=" ">
    <subfield code="a">London :</subfield>
    <subfield code="b">Stationery Office,</subfield>
    <subfield code="c">c.2012.</subfield>
  </datafield>
  <datafield tag="300" ind1=" " ind2=" ">
    <subfield code="a">6 v. :</subfield>
    <subfield code="b">ill. ;</subfield>
    <subfield code="c">31 cm. + </subfield>
    <subfield code="e">1 CD-ROMs, guide book.</subfield>
  </datafield>
  <datafield tag="500" ind1=" " ind2=" ">
    <subfield code="a">In slip case.</subfield>
  </datafield>
  <datafield tag="500" ind1=" " ind2=" ">
    <subfield code="a">visit "www.pharmacopoeia.co.uk" to register for your online subscription.</subfield>
  </datafield>
  <datafield tag="504" ind1=" " ind2=" ">
    <subfield code="a">Includes bibliographical references and index.</subfield>
  </datafield>
  <datafield tag="505" ind1="0" ind2=" ">
    <subfield code="a">v. 1. Introduction; General notices; Monographs, medicinal and pharmaceutical substances (A-I) -- v. 2.General notices; Monographs, medicinal and pharmaceutical substances (J-Z) -- v. 3. General notices; Formulated preparations : General monographs ; Formulated preparations : specific monographs
 -- v. 4. General notices; Infrared reference spectra; Appendices; Supplementary chapters; Index -- v. 5 General notices ; herbal drugs, preparations and herbal medicinal products ; materials for use in the manufacture of homeopathic preparations ; blood-related products ; immunological products ; radiopharmaceutical preparations ; surgical materials -- BP Vet, a companion volume to British pharmacopoeia 2013 providing standards for substances, preparations and immunological products used in veterinary medicine.</subfield>
  </datafield>
  <datafield tag="650" ind1=" " ind2="0">
    <subfield code="a">Pharmacopoeias</subfield>
    <subfield code="z">Great Britain.</subfield>
    <subfield code="2">BUEsh</subfield>
    <subfield code="9">30072</subfield>
  </datafield>
  <datafield tag="650" ind1=" " ind2="0">
    <subfield code="a">Drugs</subfield>
    <subfield code="x">Standards</subfield>
    <subfield code="z">Great Britain.</subfield>
    <subfield code="2">BUEsh</subfield>
  </datafield>
  <datafield tag="651" ind1=" " ind2=" ">
    <subfield code="2">BUEsh</subfield>
  </datafield>
  <datafield tag="653" ind1=" " ind2=" ">
    <subfield code="b">PPhrm</subfield>
    <subfield code="c">July2015</subfield>
    <subfield code="c">February2016</subfield>
  </datafield>
  <datafield tag="710" ind1="2" ind2=" ">
    <subfield code="a">British Pharmacopoeia Commission</subfield>
  </datafield>
  <datafield tag="942" ind1=" " ind2=" ">
    <subfield code="2">ddc</subfield>
  </datafield>
  <datafield tag="999" ind1=" " ind2=" ">
    <subfield code="c">20256</subfield>
    <subfield code="d">20228</subfield>
  </datafield>
  <datafield tag="952" ind1=" " ind2=" ">
    <subfield code="0">0</subfield>
    <subfield code="1">0</subfield>
    <subfield code="2">ddc</subfield>
    <subfield code="4">0</subfield>
    <subfield code="7">0</subfield>
    <subfield code="8">Baccah</subfield>
    <subfield code="a">MAIN</subfield>
    <subfield code="b">MAIN</subfield>
    <subfield code="c">0TH</subfield>
    <subfield code="d">2015-07-06</subfield>
    <subfield code="e">Purchase</subfield>
    <subfield code="g">10731.00</subfield>
    <subfield code="h">23125</subfield>
    <subfield code="l">0</subfield>
    <subfield code="o">615.1141 BRI</subfield>
    <subfield code="p">000039351</subfield>
    <subfield code="r">2025-07-15 00:00:00</subfield>
    <subfield code="v">13414.00</subfield>
    <subfield code="y">REFERENCE</subfield>
    <subfield code="z">BP (VET)</subfield>
  </datafield>
  <datafield tag="952" ind1=" " ind2=" ">
    <subfield code="0">0</subfield>
    <subfield code="1">0</subfield>
    <subfield code="2">ddc</subfield>
    <subfield code="4">0</subfield>
    <subfield code="7">0</subfield>
    <subfield code="8">Baccah</subfield>
    <subfield code="a">MAIN</subfield>
    <subfield code="b">MAIN</subfield>
    <subfield code="c">1ST</subfield>
    <subfield code="d">2015-07-06</subfield>
    <subfield code="e">Purchase</subfield>
    <subfield code="g">10731.00</subfield>
    <subfield code="h">23125</subfield>
    <subfield code="l">0</subfield>
    <subfield code="o">615.1141 BRI</subfield>
    <subfield code="p">000039352</subfield>
    <subfield code="r">2022-08-24 00:00:00</subfield>
    <subfield code="v">13414.00</subfield>
    <subfield code="y">CDVDWNB</subfield>
  </datafield>
  <datafield tag="952" ind1=" " ind2=" ">
    <subfield code="0">0</subfield>
    <subfield code="1">0</subfield>
    <subfield code="2">ddc</subfield>
    <subfield code="4">0</subfield>
    <subfield code="7">0</subfield>
    <subfield code="8">Baccah</subfield>
    <subfield code="a">MAIN</subfield>
    <subfield code="b">MAIN</subfield>
    <subfield code="c">0TH</subfield>
    <subfield code="d">2015-07-06</subfield>
    <subfield code="e">Purchase</subfield>
    <subfield code="g">10731.00</subfield>
    <subfield code="h">23125</subfield>
    <subfield code="l">0</subfield>
    <subfield code="o">615.1141 BRI</subfield>
    <subfield code="p">000039353</subfield>
    <subfield code="r">2025-07-15 00:00:00</subfield>
    <subfield code="v">13414.00</subfield>
    <subfield code="y">REFERENCE</subfield>
    <subfield code="z">V. 5</subfield>
  </datafield>
  <datafield tag="952" ind1=" " ind2=" ">
    <subfield code="0">0</subfield>
    <subfield code="1">0</subfield>
    <subfield code="2">ddc</subfield>
    <subfield code="4">0</subfield>
    <subfield code="7">0</subfield>
    <subfield code="8">Baccah</subfield>
    <subfield code="a">MAIN</subfield>
    <subfield code="b">MAIN</subfield>
    <subfield code="c">0TH</subfield>
    <subfield code="d">2015-07-06</subfield>
    <subfield code="e">Purchase</subfield>
    <subfield code="g">10731.00</subfield>
    <subfield code="h">23125</subfield>
    <subfield code="l">0</subfield>
    <subfield code="o">615.1141 BRI</subfield>
    <subfield code="p">000039354</subfield>
    <subfield code="r">2025-07-15 00:00:00</subfield>
    <subfield code="v">13414.00</subfield>
    <subfield code="y">REFERENCE</subfield>
    <subfield code="z">V. 4</subfield>
  </datafield>
  <datafield tag="952" ind1=" " ind2=" ">
    <subfield code="0">0</subfield>
    <subfield code="1">0</subfield>
    <subfield code="2">ddc</subfield>
    <subfield code="4">0</subfield>
    <subfield code="7">0</subfield>
    <subfield code="8">Baccah</subfield>
    <subfield code="a">MAIN</subfield>
    <subfield code="b">MAIN</subfield>
    <subfield code="c">0TH</subfield>
    <subfield code="d">2015-07-06</subfield>
    <subfield code="e">Purchase</subfield>
    <subfield code="g">10731.00</subfield>
    <subfield code="h">23125</subfield>
    <subfield code="l">0</subfield>
    <subfield code="o">615.1141 BRI</subfield>
    <subfield code="p">000039355</subfield>
    <subfield code="r">2025-10-25 00:00:00</subfield>
    <subfield code="v">13414.00</subfield>
    <subfield code="y">REFERENCE</subfield>
    <subfield code="z">V. 3</subfield>
  </datafield>
  <datafield tag="952" ind1=" " ind2=" ">
    <subfield code="0">0</subfield>
    <subfield code="1">0</subfield>
    <subfield code="2">ddc</subfield>
    <subfield code="4">0</subfield>
    <subfield code="7">0</subfield>
    <subfield code="8">Baccah</subfield>
    <subfield code="a">MAIN</subfield>
    <subfield code="b">MAIN</subfield>
    <subfield code="c">0TH</subfield>
    <subfield code="d">2015-07-06</subfield>
    <subfield code="e">Purchase</subfield>
    <subfield code="g">10731.00</subfield>
    <subfield code="h">23125</subfield>
    <subfield code="l">0</subfield>
    <subfield code="o">615.1141 BRI</subfield>
    <subfield code="p">000039356</subfield>
    <subfield code="r">2025-10-25 00:00:00</subfield>
    <subfield code="v">13414.00</subfield>
    <subfield code="y">REFERENCE</subfield>
    <subfield code="z">V. 2</subfield>
  </datafield>
  <datafield tag="952" ind1=" " ind2=" ">
    <subfield code="0">0</subfield>
    <subfield code="1">0</subfield>
    <subfield code="2">ddc</subfield>
    <subfield code="4">0</subfield>
    <subfield code="7">0</subfield>
    <subfield code="8">Baccah</subfield>
    <subfield code="a">MAIN</subfield>
    <subfield code="b">MAIN</subfield>
    <subfield code="c">0TH</subfield>
    <subfield code="d">2015-07-06</subfield>
    <subfield code="e">Purchase</subfield>
    <subfield code="g">10731.00</subfield>
    <subfield code="h">23125</subfield>
    <subfield code="l">0</subfield>
    <subfield code="o">615.1141 BRI</subfield>
    <subfield code="p">000039357</subfield>
    <subfield code="r">2025-10-25 00:00:00</subfield>
    <subfield code="v">13414.00</subfield>
    <subfield code="y">REFERENCE</subfield>
    <subfield code="z">V. 1</subfield>
  </datafield>
</record>
